| 000 | 00497nam a22001817a 4500 | ||
|---|---|---|---|
| 003 | OSt | ||
| 005 | 20220902091121.0 | ||
| 008 | 220902b |||||||| |||| 00| 0 eng d | ||
| 020 | _a0745617603 | ||
| 040 | _cIFM Library | ||
| 082 | _a658 | ||
| 100 |
_aJudy, W _96464 |
||
| 245 | _aManaging Like a Man:Women and Men in Corporate Management | ||
| 260 |
_aUK: _bBlackwell Publishers, _c1988 |
||
| 300 | _avii, 180p.; ill.: 22cm. | ||
| 500 | _aIncludes Bibliography and Index | ||
| 942 |
_cBK _2ddc _n0 |
||
| 999 |
_c18961 _d18961 |
||